000 00538nam a22002177a 4500
003 UA-OsUOA
001 56747
007 ta
008 20081109b un ||||| |||| 00| 0 ukr d
100 _aБироваш М.
090 _a330
_bБ64
942 _cSA
040 _aUA-OsUOA
_brus
_cUA-OsUOA
_dUA-OsUOA
245 _aВряма худеть
300 _aС.33-35
955 _a0
041 _arus
080 _a330
773 0 _w56746
_tКорреспондент
_dК.
_d2008
_g42
650 7 _a330 Економіка взагалі
_2UDC
999 _c342824
_d342824